[Event "Matinhos Caioba op 9th"]
[Site "Matinhos"]
[Date "2025.07.05"]
[Round "8"]
[White "Umetsubo, Cesar Hidemitsu"]
[Black "Aranha Filho, Alvaro Zimmermann"]
[Result "1-0"]
[WhiteElo "2359"]
[BlackElo "2184"]
[PlyCount "109"]
[EventDate "2025.06.29"]
[EventType "swiss"]
[EventRounds "9"]
[EventCountry "BRA"]
[SourceTitle "CB28_2025"]
[SourceDate "2025.07.09"]
[SourceVersion "1"]
[SourceVersionDate "2025.07.09"]
[SourceQuality "1"]

1. e4 Nf6 2. e5 Nd5 3. d4 d6 4. Nf3 dxe5 5. Nxe5 c6 6. Bd3 Nd7 7. Nf3 N7f6 8. h3 Nb4 9. Bc4 Bf5 10. Bb3 e6 11. a3 Na6 12. g4 Be4 13. Nbd2 Qa5 14. 0-0 Bxf3 15. Qxf3 h5 16. Nc4 Qd5 17. Qxd5 Nxd5 18. g5 g6 19. Re1 0-0-0 20. Ne5 Rh7 21. c4 Ne7 22. Be3 Nf5 23. Rad1 Bd6 24. Bf4 Nc7 25. Bc2 Rhh8 26. Bh2 Rhf8 27. b4 Be7 28. Bxf5 gxf5 29. h4 Bd6 30. Bf4 Bxe5 31. Bxe5 b5 32. Rc1 Kb7 33. Bxc7 Kxc7 34. cxb5 Rxd4 35. Rxc6+ Kb8 36. Rec1 Rg4+ 37. Kf1 Rxh4 38. b6 Rd8 39. bxa7+ Kxa7 40. R6c4 Rh3 41. R4c3 Rh4 42. Rc4 Rh3 43. a4 e5 44. Kg2 Ra3 45. a5 Rd2 46. Rc7+ Ka6 47. Rxf7 f4 48. Rc6+ Kb5 49. Rc5+ Ka4 50. Rxe5 Rg3+ 51. Kf1 Rf3 52. Re2 Rd5 53. a6 Kxb4 54. Ra2 Rd8 55. a7 1-0

[Event "Matinhos Caioba op 9th"]
[Site "Matinhos"]
[Date "2025.07.04"]
[Round "7"]
[White "Aranha Filho, Alvaro Zimmermann"]
[Black "Do Valle Cardoso, Lucas"]
[Result "0-1"]
[WhiteElo "2184"]
[BlackElo "2414"]
[PlyCount "74"]
[EventDate "2025.06.29"]
[EventType "swiss"]
[EventRounds "9"]
[EventCountry "BRA"]
[SourceTitle "CB28_2025"]
[SourceDate "2025.07.09"]
[SourceVersion "1"]
[SourceVersionDate "2025.07.09"]
[SourceQuality "1"]

1. d4 Nf6 2. Nf3 e6 3. c4 b6 4. g3 Ba6 5. Qa4 Bb7 6. Bg2 c5 7. dxc5 bxc5 8. 0-0 Be7 9. Nc3 0-0 10. Rd1 Qb6 11. Qb5 Qc7 12. Bf4 d6 13. Qa4 a6 14. Qc2 Nc6 15. b3 h6 16. Bc1 Rac8 17. Bb2 Nb4 18. Qd2 Rfd8 19. Qf4 Qb8 20. Rac1 Qa7 21. Ne1 Bxg2 22. Nxg2 d5 23. cxd5 exd5 24. a3 Nc6 25. Na4 Na5 26. b4 cxb4 27. axb4 Nc4 28. Bd4 Qb7 29. Nc3 Rc6 30. Ne3 Nxe3 31. Qxe3 Bxb4 32. Rb1 a5 33. Qd3 Ne8 34. Qf3 Rc4 35. Be5 Qe7 36. Nxd5 Qxe5 37. Nf6+ Qxf6 0-1

[Event "Matinhos Caioba op 9th"]
[Site "Matinhos"]
[Date "2025.06.30"]
[Round "3"]
[White "Perdomo, Leandro Daniel"]
[Black "Aranha Filho, Alvaro Zimmermann"]
[Result "1-0"]
[WhiteElo "2345"]
[BlackElo "2184"]
[PlyCount "87"]
[EventDate "2025.06.29"]
[EventType "swiss"]
[EventRounds "9"]
[EventCountry "BRA"]
[SourceTitle "CB28_2025"]
[SourceDate "2025.07.09"]
[SourceVersion "1"]
[SourceVersionDate "2025.07.09"]
[SourceQuality "1"]

1. d4 Nf6 2. c4 e6 3. Nc3 Bb4 4. Bd2 0-0 5. Nf3 d5 6. e3 b6 7. cxd5 exd5 8. Bd3 Ba6 9. Bxa6 Nxa6 10. Qa4 Qc8 11. 0-0 c5 12. dxc5 bxc5 13. Rfd1 Qe6 14. Ng5 Qb6 15. a3 Bxc3 16. Bxc3 h6 17. Nh3 Nc7 18. Nf4 a5 19. Rac1 c4 20. Bd4 Qd6 21. b3 Ne6 22. Nxe6 fxe6 23. Bxf6 Rxf6 24. bxc4 Rxf2 25. Kxf2 Qxh2 26. cxd5 Rf8+ 27. Ke2 Qxg2+ 28. Kd3 Rd8 29. Rc5 exd5 30. Qd4 Kh8 31. Rdc1 Qg6+ 32. Kc3 Qd6 33. Rg1 Rd7 34. Rg2 a4 35. Kb2 Kh7 36. Qd3+ g6 37. Rgc2 Rb7+ 38. Rb5 Rd7 39. Qd4 h5 40. Rc8 Qh2+ 41. Ka1 Rg7 42. Rbb8 Qg1+ 43. Ka2 Qf2+ 44. Qb2 1-0

[Event "BRA-ch 90th"]
[Site "Natal"]
[Date "2024.12.21"]
[Round "11"]
[White "Madeira, Wagner Martins"]
[Black "Aranha Filho, Alvaro Zimmermann"]
[Result "1/2-1/2"]
[WhiteElo "2111"]
[BlackElo "2205"]
[PlyCount "32"]
[EventDate "2024.12.13"]
[EventType "swiss"]
[EventRounds "11"]
[EventCountry "BRA"]
[SourceTitle "CB52_2024"]
[SourceDate "2024.12.25"]
[SourceVersion "1"]
[SourceVersionDate "2024.12.25"]
[SourceQuality "1"]

1. e4 c5 2. c3 d5 3. exd5 Qxd5 4. Nf3 Nc6 5. Na3 Bg4 6. Be2 e5 7. d3 f6 8. Nc4 Be6 9. 0-0 Nge7 10. Qb3 Rc8 11. Qa4 Kd8 12. Qd1 Ra8 13. a3 Rc8 14. b4 Nf5 15. Qa4 Rb8 16. Rb1 e4 1/2-1/2

[Event "BRA-ch 90th"]
[Site "Natal"]
[Date "2024.12.20"]
[Round "10"]
[White "Aranha Filho, Alvaro Zimmermann"]
[Black "Oliveira, Tiago Batista"]
[Result "1/2-1/2"]
[WhiteElo "2205"]
[BlackElo "2010"]
[PlyCount "47"]
[EventDate "2024.12.13"]
[EventType "swiss"]
[EventRounds "11"]
[EventCountry "BRA"]
[SourceTitle "CB52_2024"]
[SourceDate "2024.12.25"]
[SourceVersion "1"]
[SourceVersionDate "2024.12.25"]
[SourceQuality "1"]

1. d4 Nf6 2. Nf3 e6 3. c4 d5 4. Nc3 Be7 5. Bg5 b6 6. cxd5 Nxd5 7. Bxe7 Qxe7 8. e4 Nxc3 9. bxc3 Qa3 10. Qb3 Qxb3 11. axb3 Bb7 12. Bb5+ Ke7 13. Bd3 Nd7 14. c4 Rhd8 15. d5 a5 16. 0-0 Nc5 17. Bc2 c6 18. Rfe1 cxd5 19. exd5 Kf8 20. Ng5 Ke8 21. Nf3 Kd7 22. Nd4 Ke7 23. Kh1 Ke8 24. Ne2 1/2-1/2

[Event "BRA-ch 90th"]
[Site "Natal"]
[Date "2024.12.15"]
[Round "4"]
[White "Aranha Filho, Alvaro Zimmermann"]
[Black "Lima, Eduardo de Sousa"]
[Result "1/2-1/2"]
[WhiteElo "2205"]
[BlackElo "1912"]
[PlyCount "50"]
[EventDate "2024.12.13"]
[EventType "swiss"]
[EventRounds "11"]
[EventCountry "BRA"]
[SourceTitle "CB52_2024"]
[SourceDate "2024.12.25"]
[SourceVersion "1"]
[SourceVersionDate "2024.12.25"]
[SourceQuality "1"]

1. d4 Nf6 2. Nf3 e6 3. c4 d5 4. g3 dxc4 5. Qa4+ c6 6. Qxc4 b5 7. Qb3 Bb7 8. Bg2 Be7 9. 0-0 0-0 10. Rd1 Nbd7 11. Nc3 Qb6 12. Bg5 Rfd8 13. h3 h6 14. Bxf6 Nxf6 15. Rac1 Rac8 16. e3 Nd7 17. a3 a6 18. Qa2 c5 19. d5 c4 20. Nd4 Ne5 21. dxe6 fxe6 22. Bxb7 Qxb7 23. Nxe6 Nf3+ 24. Kf1 Nd2+ 25. Kg1 Nf3+ 1/2-1/2

[Event "BRA-ch 90th"]
[Site "Natal"]
[Date "2024.12.15"]
[Round "5"]
[White "Batista, Davi de Azevedo"]
[Black "Aranha Filho, Alvaro Zimmermann"]
[Result "1/2-1/2"]
[WhiteElo "1904"]
[BlackElo "2205"]
[PlyCount "66"]
[EventDate "2024.12.13"]
[EventType "swiss"]
[EventRounds "11"]
[EventCountry "BRA"]
[SourceTitle "CB52_2024"]
[SourceDate "2024.12.25"]
[SourceVersion "1"]
[SourceVersionDate "2024.12.25"]
[SourceQuality "1"]

1. e4 c5 2. Nf3 Nc6 3. Bb5 Nf6 4. Nc3 g6 5. 0-0 Bg7 6. Re1 0-0 7. d4 cxd4 8. Nxd4 Qc7 9. Nf3 d6 10. h3 a6 11. Bf1 e6 12. Bf4 Ne5 13. a4 b6 14. Qe2 Bb7 15. Rad1 Nfd7 16. Nh2 Rad8 17. Qd2 Nb8 18. Bh6 f6 19. Bxg7 Kxg7 20. Qe3 Qc5 21. Qxc5 dxc5 22. f4 Nec6 23. Bc4 Nd4 24. Rd2 Nbc6 25. Red1 Nb4 26. Bb3 Rde8 27. Nf3 Nxb3 28. Rd7+ Rf7 29. cxb3 Nc6 30. R1d6 Rxd7 31. Rxd7+ Re7 32. Rd6 h6 33. Kf2 Kf7 1/2-1/2

[Event "Niteroi op 4th"]
[Site "Niteroi"]
[Date "2024.08.29"]
[Round "2"]
[White "Aranha Filho, Alvaro Zimmermann"]
[Black "Chaves, Jorge Antonio Torre"]
[Result "1-0"]
[WhiteElo "2196"]
[BlackElo "1924"]
[PlyCount "75"]
[EventDate "2024.08.28"]
[EventType "swiss"]
[EventRounds "7"]
[EventCountry "BRA"]
[SourceTitle "CBM 221 Extra"]
[Source "ChessBase"]
[SourceDate "2024.09.30"]
[SourceVersion "1"]
[SourceVersionDate "2024.09.30"]
[SourceQuality "1"]

1. Nf3 Nf6 2. c4 g6 3. Nc3 d5 4. cxd5 Nxd5 5. Qa4+ c6 6. Nxd5 Qxd5 7. e4 Qd8 8. d4 Bg7 9. Be2 0-0 10. 0-0 Bg4 11. Be3 Nd7 12. Rfd1 Nb6 13. Qb3 Qc7 14. Rac1 Rad8 15. h3 Bd7 16. a4 h6 17. Qa3 f5 18. a5 Nc8 19. Bc4+ Kh7 20. e5 f4 21. Bd2 Bf5 22. Re1 g5 23. Bb4 Bg6 24. d5 Qb8 25. Bxe7 Nxe7 26. Qxe7 cxd5 27. Bb5 Rf7 28. Qa3 Bf8 29. b4 d4 30. Bd3 Rg7 31. e6 Be7 32. Ne5 Bxd3 33. Qxd3+ Kg8 34. Nf7 h5 35. Nxd8 Qxd8 36. Rc4 Qf8 37. Qxd4 g4 38. Rec1 1-0

[Event "Caioba op 8th"]
[Site "Caioba"]
[Date "2024.06.28"]
[Round "7"]
[White "Hoffman, Alejandro"]
[Black "Aranha Filho, Alvaro Zimmermann"]
[Result "1-0"]
[WhiteElo "2355"]
[BlackElo "2200"]
[PlyCount "81"]
[EventDate "2024.06.23"]
[EventType "swiss"]
[EventRounds "9"]
[EventCountry "BRA"]
[SourceTitle "CBM 220 Extra"]
[Source "ChessBase"]
[SourceDate "2024.07.31"]
[SourceVersion "1"]
[SourceVersionDate "2024.07.31"]
[SourceQuality "1"]

1. Nf3 d5 2. c4 e6 3. g3 Nf6 4. Bg2 Be7 5. 0-0 0-0 6. b3 d4 7. e3 c5 8. exd4 cxd4 9. d3 Nc6 10. Re1 Nd7 11. Na3 e5 12. Nc2 a5 13. a3 f5 14. Rb1 Bf6 15. b4 Re8 16. h4 h6 17. c5 Nf8 18. b5 Ne7 19. Nd2 Ne6 20. c6 bxc6 21. bxc6 Nd5 22. Qh5 Re7 23. Nc4 Nec7 24. Bd2 Nc3 25. Rb7 Ra6 26. Rb8 Ra8 27. Rxa8 Nxa8 28. Bg5 hxg5 29. hxg5 g6 30. Qxg6+ Bg7 31. Rxe5 Rxe5 32. Nxe5 Qe7 33. Nd7 Bxd7 34. cxd7 Nc7 35. Qc6 Qd8 36. Bh3 f4 37. Be6+ Kh7 38. Qh1+ Kg6 39. g4 Kxg5 40. Qh5+ Kf6 41. Qh4+ 1-0

[Event "Caioba op 8th"]
[Site "Caioba"]
[Date "2024.06.25"]
[Round "4"]
[White "Hernandez Guerrero, Gilberto Eduardo"]
[Black "Aranha Filho, Alvaro Zimmermann"]
[Result "1/2-1/2"]
[WhiteElo "2506"]
[BlackElo "2200"]
[PlyCount "66"]
[EventDate "2024.06.23"]
[EventType "swiss"]
[EventRounds "9"]
[EventCountry "BRA"]
[SourceTitle "CBM 220 Extra"]
[Source "ChessBase"]
[SourceDate "2024.07.31"]
[SourceVersion "1"]
[SourceVersionDate "2024.07.31"]
[SourceQuality "1"]

1. e4 c5 2. Nf3 Nc6 3. Bb5 Nf6 4. Nc3 Qc7 5. a4 Nd4 6. d3 e6 7. Be3 a6 8. Bc4 Nc6 9. 0-0 Be7 10. Qd2 0-0 11. Bf4 d6 12. h3 h6 13. Rae1 Ne5 14. Nxe5 dxe5 15. Be3 Bd7 16. f4 Rad8 17. Qf2 Kh7 18. fxe5 Qxe5 19. d4 cxd4 20. Bxd4 Qc7 21. Bd3 Kh8 22. Kh1 Rc8 23. Qf3 Bc6 24. Qe3 e5 25. Bb6 Qd6 26. a5 Nd7 27. Ba7 Bg5 28. Qe2 Qb4 29. Bc4 Qxb2 30. Rf3 Qb4 31. Rff1 Qb2 32. Nd5 Bxd5 33. Bd3 Bc6 1/2-1/2

[Event "American Continental 18th"]
[Site "Medellin"]
[Date "2024.05.30"]
[Round "9"]
[White "Ayala Delgado, Sergio Alejandro"]
[Black "Aranha Filho, Alvaro Zimmermann"]
[Result "0-1"]
[WhiteElo "2011"]
[BlackElo "2207"]
[PlyCount "84"]
[EventDate "2024.05.24"]
[EventType "swiss"]
[EventRounds "11"]
[EventCountry "COL"]
[SourceTitle "CBM 220 Extra"]
[Source "ChessBase"]
[SourceDate "2024.07.31"]
[SourceVersion "1"]
[SourceVersionDate "2024.07.31"]
[SourceQuality "1"]

1. d4 c5 2. dxc5 e6 3. Nf3 Bxc5 4. e4 Nf6 5. Bd3 d6 6. 0-0 e5 7. h3 a6 8. c4 h6 9. a3 Nc6 10. b4 Ba7 11. Nc3 0-0 12. Bb2 Nd4 13. Rc1 Ne6 14. Ne2 Nh5 15. c5 Ng5 16. Nc3 Nf4 17. Nd5 Nxg2 18. Kxg2 Bxh3+ 19. Kg1 f5 20. Bc4 Kh8 21. Nh4 fxe4 22. Ng6+ Kh7 23. Nxf8+ Qxf8 24. Be2 Bxf1 25. Kxf1 dxc5 26. Bxe5 Rd8 27. f4 Ne6 28. Bc4 Qf5 29. Qd2 b5 30. Ba2 c4 31. Bb1 Kh8 32. Ne7 Qf7 33. Bd6 Bb8 34. Qg2 Bxd6 35. Ng6+ Kg8 36. Qxe4 Bxf4 37. Nh8 Qf6 38. Qh7+ Kf8 39. Ng6+ Kf7 40. Rc2 Qxg6 41. Qxg6+ Kxg6 42. Rxc4+ Kf6 0-1

[Event "American Continental 18th"]
[Site "Medellin"]
[Date "2024.05.29"]
[Round "8"]
[White "Aranha Filho, Alvaro Zimmermann"]
[Black "Martinez, Walter"]
[Result "1-0"]
[WhiteElo "2207"]
[BlackElo "1956"]
[PlyCount "101"]
[EventDate "2024.05.24"]
[EventType "swiss"]
[EventRounds "11"]
[EventCountry "COL"]
[SourceTitle "CBM 220 Extra"]
[Source "ChessBase"]
[SourceDate "2024.07.31"]
[SourceVersion "1"]
[SourceVersionDate "2024.07.31"]
[SourceQuality "1"]

1. d4 Nf6 2. c4 e6 3. g3 c5 4. d5 exd5 5. cxd5 d6 6. Nc3 Be7 7. Bg2 0-0 8. Nf3 Nbd7 9. 0-0 Rb8 10. a4 b6 11. Re1 Re8 12. Bf4 Nf8 13. e4 Ng6 14. e5 dxe5 15. Nxe5 Nxe5 16. Bxe5 Bd6 17. Bxf6 Rxe1+ 18. Qxe1 Qxf6 19. Qe8+ Bf8 20. Rd1 Qd6 21. Qc6 Bd7 22. Qxd6 Bxd6 23. f4 f5 24. Bf1 Kf7 25. Bb5 Rd8 26. Bc4 Re8 27. Kf2 Re7 28. Ra1 a5 29. Ra3 g6 30. Rb3 Re8 31. Rxb6 Ke7 32. b3 Rb8 33. Ra6 Bc7 34. d6+ Bxd6 35. Nd5+ Ke6 36. Ra7 Rd8 37. Ke2 Bb8 38. Rxa5 Bc6 39. Ra6 Kd6 40. Nc3 Kc7 41. Bb5 Rd6 42. Bxc6 Rxc6 43. Rxc6+ Kxc6 44. Kd3 Bc7 45. Kc4 Ba5 46. h3 h5 47. Nd5 Be1 48. Ne7+ Kb6 49. Nxg6 Bxg3 50. Ne7 Bxf4 51. Nd5+ 1-0

[Event "American Continental 18th"]
[Site "Medellin"]
[Date "2024.05.27"]
[Round "6"]
[White "Aranha Filho, Alvaro Zimmermann"]
[Black "Jimenez Garcia, Emanuel"]
[Result "0-1"]
[WhiteElo "2207"]
[BlackElo "2387"]
[PlyCount "81"]
[EventDate "2024.05.24"]
[EventType "swiss"]
[EventRounds "11"]
[EventCountry "COL"]
[SourceTitle "CBM 220 Extra"]
[Source "ChessBase"]
[SourceDate "2024.07.31"]
[SourceVersion "1"]
[SourceVersionDate "2024.07.31"]
[SourceQuality "1"]

1. d4 Nf6 2. Nf3 b6 3. g3 Bb7 4. Bg2 g6 5. 0-0 Bg7 6. c4 0-0 7. d5 Na6 8. Nc3 Nc5 9. Nd4 e5 10. Nc2 a5 11. b3 d6 12. Rb1 Bc8 13. a3 Bd7 14. b4 axb4 15. axb4 Na4 16. Bd2 Nxc3 17. Bxc3 Bf5 18. f3 Bxc2 19. Qxc2 h5 20. e3 Nd7 21. Bh3 f5 22. e4 f4 23. Be6+ Kh8 24. Ra1 Rxa1 25. Bxa1 fxg3 26. hxg3 Nf6 27. Bc3 Nh7 28. f4 exf4 29. Rxf4 Qg5 30. Rxf8+ Nxf8 31. Bxg7+ Kxg7 32. Qc3+ Qf6 33. Qxf6+ Kxf6 34. Bh3 Ke5 35. g4 Kxe4 36. gxh5 gxh5 37. Kf2 Kd4 38. Kg3 Ng6 39. Bf5 Ne7 40. Be6 Kxc4 41. Kh2 0-1

[Event "American Continental 18th"]
[Site "Medellin"]
[Date "2024.05.24"]
[Round "1"]
[White "Fernandez Suarez, Nelson Ivan"]
[Black "Aranha Filho, Alvaro Zimmermann"]
[Result "0-1"]
[WhiteElo "1779"]
[BlackElo "2207"]
[PlyCount "82"]
[EventDate "2024.05.24"]
[EventType "swiss"]
[EventRounds "11"]
[EventCountry "COL"]
[SourceTitle "CBM 220 Extra"]
[Source "ChessBase"]
[SourceDate "2024.07.31"]
[SourceVersion "1"]
[SourceVersionDate "2024.07.31"]
[SourceQuality "1"]

1. d4 Nf6 2. c4 c5 3. d5 b5 4. cxb5 a6 5. f3 g6 6. e4 d6 7. Nc3 Bg7 8. Bc4 Nbd7 9. f4 0-0 10. Nf3 axb5 11. Bxb5 Nxe4 12. Qd3 Nxc3 13. bxc3 Nf6 14. 0-0 Bf5 15. Qc4 Qa5 16. Bc6 Ra7 17. Bd2 e6 18. Rfc1 Be4 19. a4 Qc7 20. dxe6 Qxc6 21. exf7+ Rfxf7 22. Ng5 Bd5 23. Qb5 Rfb7 24. Qxc6 Bxc6 25. Ra2 h6 26. Ne6 Bd5 27. Nxc5 dxc5 28. c4 Bc6 29. a5 Ne4 30. Be1 Bd4+ 31. Kf1 Rf7 32. Bg3 g5 33. Ke1 gxf4 34. Bh4 Ng5 35. Bxg5 hxg5 36. Rb1 Bc3+ 37. Kd1 Rxa5 38. Rxa5 Bxa5 39. Rb8+ Rf8 40. Rb3 Ba4 41. Kc2 Rb8 0-1

[Event "Florianopolis op 10th"]
[Site "Florianopolis"]
[Date "2024.01.28"]
[Round "10"]
[White "Aranha Filho, Alvaro Zimmermann"]
[Black "Ribeiro, Davison Soares"]
[Result "1-0"]
[WhiteElo "2201"]
[BlackElo "1989"]
[PlyCount "145"]
[EventDate "2024.01.20"]
[EventType "swiss"]
[EventRounds "10"]
[EventCountry "BRA"]
[SourceTitle "EXT 2025"]
[Source "ChessBase"]
[SourceDate "2024.10.14"]
[SourceVersion "1"]
[SourceVersionDate "2024.10.14"]
[SourceQuality "1"]

1. d4 Nf6 2. Nf3 d5 3. c4 c6 4. Qc2 g6 5. Bf4 Bg7 6. e3 0-0 7. Nc3 Nh5 8. Be5 f6 9. Bxb8 Rxb8 10. cxd5 cxd5 11. Nxd5 Bf5 12. Qb3 Kh8 13. Nc3 b5 14. Be2 Qc8 15. a3 Bh6 16. 0-0 a6 17. Rac1 Qd7 18. Rfd1 Rfc8 19. Ne1 Be6 20. Qb4 Bg4 21. Bxg4 Qxg4 22. h3 Qe6 23. Ne2 Rxc1 24. Rxc1 Bxe3 25. fxe3 Qxe3+ 26. Kf1 Ng3+ 27. Nxg3 Qxc1 28. Ne2 Qc7 29. Qd2 e5 30. dxe5 Qxe5 31. Nf3 Qe6 32. Ned4 Qc4+ 33. Kg1 Rc8 34. Kf2 Re8 35. Qf4 Kg7 36. Qd6 Qc8 37. b4 Kf7 38. Qd5+ Kg7 39. g4 Kh8 40. Qd6 Kg7 41. Kg2 Kf7 42. g5 fxg5 43. Nxg5+ Kg7 44. Nge6+ Kg8 45. Qd5 Re7 46. Ng5+ Kh8 47. Nge6 Qd7 48. Qf3 Qb7 49. Nc6 Rf7 50. Qc3+ Kg8 51. Ned8 Qd7 52. Nxf7 Qxf7 53. Qd3 Qf6 54. Qd8+ Qxd8 55. Nxd8 Kf8 56. Ne6+ Ke7 57. Nc7 Kd6 58. Nxa6 Kd5 59. Kg3 Kc4 60. Kf4 Kd4 61. Kg5 Ke4 62. Nc7 Kd4 63. Nxb5+ Kc4 64. Nc3 Kd4 65. b5 Kc5 66. h4 Kb6 67. Kh6 Ka5 68. Kxh7 g5 69. hxg5 Kb6 70. g6 Ka5 71. g7 Kb6 72. g8Q Ka5 73. Qd8# 1-0

[Event "Florianopolis op 10th"]
[Site "Florianopolis"]
[Date "2024.01.24"]
[Round "6"]
[White "Aranha Filho, Alvaro Zimmermann"]
[Black "Seccafim, Caic Dos Santos"]
[Result "1/2-1/2"]
[WhiteElo "2201"]
[BlackElo "1986"]
[PlyCount "46"]
[EventDate "2024.01.20"]
[EventType "swiss"]
[EventRounds "10"]
[EventCountry "BRA"]
[SourceTitle "CBM 218 Extra"]
[Source "ChessBase"]
[SourceDate "2024.03.31"]
[SourceVersion "1"]
[SourceVersionDate "2024.03.31"]
[SourceQuality "1"]

1. Nf3 Nf6 2. c4 g6 3. Nc3 Bg7 4. e4 d6 5. d4 0-0 6. h3 e5 7. dxe5 dxe5 8. Qxd8 Rxd8 9. Nd5 Nxd5 10. cxd5 c6 11. Bc4 cxd5 12. Bxd5 Na6 13. Bg5 Re8 14. 0-0 Nb4 15. Bc4 Be6 16. Rfc1 Bxc4 17. Rxc4 Nc6 18. Rd1 f6 19. Be3 Red8 20. Rd5 Bf8 21. a3 Rac8 22. Rxd8 Rxd8 23. g4 Kf7 1/2-1/2

[Event "Florianopolis op 10th"]
[Site "Florianopolis"]
[Date "2024.01.22"]
[Round "3"]
[White "Ferreira, Andrei Dias"]
[Black "Aranha Filho, Alvaro Zimmermann"]
[Result "0-1"]
[WhiteElo "1977"]
[BlackElo "2201"]
[PlyCount "96"]
[EventDate "2024.01.20"]
[EventType "swiss"]
[EventRounds "10"]
[EventCountry "BRA"]
[SourceTitle "CBM 218 Extra"]
[Source "ChessBase"]
[SourceDate "2024.03.31"]
[SourceVersion "1"]
[SourceVersionDate "2024.03.31"]
[SourceQuality "1"]

1. e4 c5 2. Nf3 Nc6 3. d4 cxd4 4. Nxd4 Nf6 5. Nc3 e5 6. Ndb5 d6 7. Bg5 a6 8. Na3 b5 9. Nd5 Be7 10. Bxf6 Bxf6 11. c4 b4 12. Nc2 a5 13. Qf3 Be6 14. Nxf6+ Qxf6 15. Qxf6 gxf6 16. b3 a4 17. Bd3 axb3 18. axb3 Rxa1+ 19. Nxa1 Nd4 20. Nc2 Nxb3 21. Nxb4 Kd7 22. Nd5 Nc5 23. Bb1 Bxd5 24. cxd5 Rb8 25. 0-0 Rb2 26. Rd1 Ke7 27. g4 Rb4 28. Re1 Kf8 29. Kg2 Kg7 30. Kg3 Rb3+ 31. f3 Rb2 32. h3 Rd2 33. Rf1 h6 34. Rf2 Rd1 35. Bc2 Rc1 36. h4 Kg6 37. h5+ Kg5 38. Rd2 Ra1 39. Bd1 Ra3 40. Bc2 Rc3 41. Rf2 Ra3 42. Rd2 Rc3 43. Rf2 f5 44. gxf5 Nd7 45. Kg2 Nf6 46. f4+ exf4 47. e5 Ng4 48. exd6 Kf6 0-1

[Event "BRA-ch 89th"]
[Site "Recife"]
[Date "2023.12.19"]
[Round "9"]
[White "Aranha Filho, Alvaro Zimmermann"]
[Black "Filgueiras, Nathan Felipe"]
[Result "1/2-1/2"]
[WhiteElo "2182"]
[BlackElo "2295"]
[PlyCount "51"]
[EventDate "2023.12.13"]
[EventType "swiss"]
[EventRounds "11"]
[EventCountry "BRA"]
[SourceTitle "CBM 217 Extra"]
[Source "ChessBase"]
[SourceDate "2024.01.31"]
[SourceVersion "1"]
[SourceVersionDate "2024.01.31"]
[SourceQuality "1"]

1. d4 d5 2. Nf3 Nf6 3. c4 e6 4. g3 Nc6 5. Bg2 Bd6 6. 0-0 0-0 7. Bg5 h6 8. Bxf6 Qxf6 9. Qd3 dxc4 10. Qxc4 e5 11. d5 Ne7 12. Nc3 Ng6 13. Rac1 Bf5 14. Nd2 Qe7 15. Nb5 Rfc8 16. Ne4 Qd8 17. Qb3 Bf8 18. Rfd1 a6 19. Na3 Rab8 20. Nc4 b6 21. h3 Bd6 22. Nexd6 cxd6 23. Qa3 Rc5 24. b4 Rc7 25. h4 Bc8 26. Ne3 1/2-1/2

[Event "Florianopolis 6th"]
[Site "Florianopolis"]
[Date "2023.11.19"]
[Round "4"]
[White "Aranha Filho, Alvaro Zimmermann"]
[Black "Umetsubo, Cesar Hidemitsu"]
[Result "1/2-1/2"]
[WhiteElo "2194"]
[BlackElo "2357"]
[PlyCount "76"]
[EventDate "2023.11.17"]
[EventType "tourn"]
[EventRounds "9"]
[EventCountry "BRA"]
[SourceTitle "CBM 217 Extra"]
[Source "ChessBase"]
[SourceDate "2024.01.31"]
[SourceVersion "1"]
[SourceVersionDate "2024.01.31"]
[SourceQuality "1"]

1. d4 Nf6 2. c4 e6 3. Nc3 Bb4 4. e3 c5 5. Bd3 Nc6 6. Nge2 cxd4 7. exd4 d5 8. 0-0 dxc4 9. Bxc4 0-0 10. a3 Be7 11. d5 exd5 12. Nxd5 Nxd5 13. Bxd5 Bg4 14. f3 Bf5 15. Be3 Bf6 16. Ng3 Bg6 17. Qb3 Nd4 18. Bxd4 Bxd4+ 19. Kh1 Rc8 20. Be4 Qh4 21. f4 Bxe4 22. Nxe4 Rc6 23. Qxb7 Rb6 24. Qc7 Rxb2 25. Rad1 Qg4 26. Ng3 Bb6 27. Qe5 Ra2 28. Rd3 Qe6 29. Qb5 f5 30. Rfd1 Bc7 31. Rd7 Bxf4 32. Nh5 Bh6 33. Qb7 Re2 34. Rxg7+ Kh8 35. Rxh7+ Kg8 36. Rg7+ Kh8 37. Rh7+ Kg8 38. Rg7+ Kh8 1/2-1/2

[Event "Florianopolis op-A"]
[Site "Florianopolis"]
[Date "2023.09.23"]
[Round "3"]
[White "Silva, Kaua Marques"]
[Black "Aranha Filho, Alvaro Zimmermann"]
[Result "1/2-1/2"]
[WhiteElo "2239"]
[BlackElo "2205"]
[PlyCount "32"]
[EventDate "2023.09.22"]
[EventType "swiss"]
[EventRounds "6"]
[EventCountry "BRA"]
[SourceTitle "CBM 216 Extra"]
[Source "ChessBase"]
[SourceDate "2023.11.30"]
[SourceVersion "1"]
[SourceVersionDate "2023.11.30"]
[SourceQuality "1"]

1. e4 e5 2. Nf3 Nf6 3. d4 exd4 4. e5 Ne4 5. Qxd4 d5 6. exd6 Nxd6 7. Nc3 Nc6 8. Qe3+ Be7 9. Nd5 0-0 10. Bd3 Re8 11. 0-0 Bf5 12. Bxf5 Nxf5 13. Qd3 Nfd4 14. Nxe7+ Rxe7 15. Nxd4 Qxd4 16. Qf3 Qc4 1/2-1/2

[Event "Florianopolis op-A"]
[Site "Florianopolis"]
[Date "2023.09.22"]
[Round "1"]
[White "De Oliveira, Jairo Quintiliano"]
[Black "Aranha Filho, Alvaro Zimmermann"]
[Result "0-1"]
[WhiteElo "1865"]
[BlackElo "2205"]
[PlyCount "76"]
[EventDate "2023.09.22"]
[EventType "swiss"]
[EventRounds "6"]
[EventCountry "BRA"]
[SourceTitle "CBM 216 Extra"]
[Source "ChessBase"]
[SourceDate "2023.11.30"]
[SourceVersion "1"]
[SourceVersionDate "2023.11.30"]
[SourceQuality "1"]

1. e4 c5 2. Nf3 a6 3. c4 e6 4. Nc3 Nc6 5. d4 cxd4 6. Nxd4 Bb4 7. Nxc6 bxc6 8. Qd4 Kf8 9. Be2 d6 10. Bf4 f6 11. Qd2 Ne7 12. 0-0 e5 13. Be3 Be6 14. a3 Bxc3 15. Qxc3 d5 16. Bc5 d4 17. Qg3 g5 18. b4 Kg7 19. f4 Ng6 20. fxg5 fxg5 21. Rfd1 h5 22. Qf2 h4 23. a4 Nf4 24. Bf1 Bg4 25. Rd2 Ne6 26. h3 Nxc5 27. bxc5 Be6 28. Rb2 Qe7 29. Qd2 Kg6 30. Qa5 Rhf8 31. Raa2 Rf4 32. Rf2 Raf8 33. Qb6 Qf6 34. Rxf4 Qxf4 35. Bd3 Qe3+ 36. Kh2 Qxd3 37. Qxc6 Qg3+ 38. Kg1 Rf6 0-1

[Event "Niteroi op 3rd"]
[Site "Niteroi"]
[Date "2023.09.06"]
[Round "4"]
[White "Aranha Filho, Alvaro Zimmermann"]
[Black "De Siqueira, Luigy Lira"]
[Result "0-1"]
[WhiteElo "2205"]
[BlackElo "2099"]
[PlyCount "41"]
[EventDate "2023.09.04"]
[EventType "swiss"]
[EventRounds "9"]
[EventCountry "BRA"]
[SourceTitle "CBM 216 Extra"]
[Source "ChessBase"]
[SourceDate "2023.11.30"]
[SourceVersion "1"]
[SourceVersionDate "2023.11.30"]
[SourceQuality "1"]

1. d4 Nf6 2. Nf3 e6 3. g3 d5 4. Bg2 c5 5. 0-0 cxd4 6. Nxd4 e5 7. Nb3 Be6 8. Bg5 Nbd7 9. Nc3 Be7 10. e3 0-0 11. Qe2 Re8 12. Rfd1 a6 13. Bxf6 Nxf6 14. Nxd5 Bxd5 15. Bxd5 Nxd5 16. c4 Nc3 17. bxc3 Qc7 18. Rab1 f6 19. Rd5 Qc8 20. Rbd1 Qc6 21. R1d2 0-1